| 000 | 00585cam a22002171 4500 | ||
|---|---|---|---|
| 001 | sa 67007667 | ||
| 003 | DLC | ||
| 005 | 20260227112417.0 | ||
| 008 | 890626s1966 ii cj 000 0 asmo | ||
| 010 | _asa 67007667 | ||
| 035 | _a(OCoLC)19925684 | ||
| 040 |
_aDLC _cWaU _dDLC |
||
| 042 | _apremarc | ||
| 050 | 0 | 0 |
_aPK9.B6 _bB5 |
| 100 | 1 | _aBhuyan, Suryya Kumar. | |
| 245 | 1 | 0 | _aĀnandarāma Baruwā. |
| 260 | _c[1966] | ||
| 300 |
_a19, 163 p. _bgeneal. table, port. _c23 cm. |
||
| 500 | _aIn Assamese; appendices in Assamese, Bengali or English. | ||
| 600 | 1 | 0 | _aBorooah, Anundoram. |
| 999 |
_c76721 _d76721 |
||